NUMERICAL MATHEMATICS AND COMPUTING (Record no. 216209)

MARC details
000 -LEADER
fixed length control field 00461nam a22001817a 4500
008 - FIXED-LENGTH DATA ELEMENTS--GENERAL INFORMATION
fixed length control field 251119b |||||||| |||| 00| 0 eng d
020 ## - INTERNATIONAL STANDARD BOOK NUMBER
International Standard Book Number 13:978-1-133-10371-4
050 ## - LIBRARY OF CONGRESS CALL NUMBER
Classification number QA 297.C494 2013
100 ## - MAIN ENTRY--PERSONAL NAME
Personal name CHENEY WARD
245 ## - TITLE STATEMENT
Title NUMERICAL MATHEMATICS AND COMPUTING
250 ## - EDITION STATEMENT
Edition statement 7TH
260 ## - PUBLICATION, DISTRIBUTION, ETC.
Place of publication, distribution, etc. AUSTRALIA
Name of publisher, distributor, etc. CENGAGE
Date of publication, distribution, etc. 2013
300 ## - PHYSICAL DESCRIPTION
Extent X,678
500 ## - GENERAL NOTE
General note INCLUDES AN INDEX
700 ## - ADDED ENTRY--PERSONAL NAME
Personal name KINCAID DAVID
942 ## - ADDED ENTRY ELEMENTS (KOHA)
Source of classification or shelving scheme Library of Congress Classification
Koha item type Long Loan Book
Holdings
Withdrawn status Lost status Source of classification or shelving scheme Damaged status Not for loan Collection Home library Current library Shelving location Date acquired Inventory number Total checkouts Full call number Barcode Date last seen Copy number Price effective from Koha item type
    Library of Congress Classification     Science & Technology Kisii University Library Kisii University Library On Display 11/19/2025 109847   QA 297.C494 2013 000000001332 11/19/2025 1 11/19/2025 Long Loan Book
    Library of Congress Classification     Science & Technology Kisii University Library Kisii University Library On Display 11/19/2025 109848   QA 297.C494 2013 000000001331 11/19/2025 2 11/19/2025 Long Loan Book
    Library of Congress Classification     Science & Technology Kisii University Library Kisii University Library On Display 11/19/2025 109849   QA 297.C494 2013 000000001433 11/19/2025 3 11/19/2025 Long Loan Book
    Library of Congress Classification     Science & Technology Kisii University Library Kisii University Library On Display 11/19/2025 109850   QA 297.C494 2013 000000001434 11/19/2025 4 11/19/2025 Long Loan Book